Thời báo Kinh tế Sài Gòn Số 47 (1.406)

Nội dung số này trình bày: ý kiến; ghi nhận; quản lý nhà nước; kinh doanh; trên đường phát triển; tài chính chứng khoán; văn hóa xã hội; muôn mặt thị trường; kinh tế thới giới.

সংরক্ষণ করুন:
গ্রন্থ-পঞ্জীর বিবরন
বিন্যাস: গ্রন্থ
ভাষা:Vietnamese
প্রকাশিত: Tp. Hồ Chí Minh Saigon times group 2017
বিষয়গুলি:
ট্যাগগুলো: ট্যাগ যুক্ত করুন
কোনো ট্যাগ নেই, প্রথমজন হিসাবে ট্যাগ করুন!
Thư viện lưu trữ: Thư viện Trường Đại học Nam Cần Thơ
LEADER 01043nam a22002177a 4500
001 NCT_127068
008 220310b xxu||||| |||| 00| 0 vie d
999 |c 6510  |d 6510 
022 |a 0868-3344 
041 0 |a vie 
082 0 4 |2 23rd ed.  |a 330  |b Th462B 
245 0 0 |a Thời báo Kinh tế Sài Gòn  |n Số 47 (1.406)  |c Sở Thương mại Thành phố Hồ Chí Minh 
260 |a Tp. Hồ Chí Minh  |b Saigon times group  |c 2017 
300 |c 29cm 
310 |a 1 tháng 4 kỳ 
362 |a 23/11/2017 
520 3 |a Nội dung số này trình bày: ý kiến; ghi nhận; quản lý nhà nước; kinh doanh; trên đường phát triển; tài chính chứng khoán; văn hóa xã hội; muôn mặt thị trường; kinh tế thới giới. 
655 |a Tạp chí 
942 |2 ddc  |c CR 
952 |0 0  |1 0  |2 ddc  |4 0  |6 330_000000000000000_TH462B  |7 0  |9 24206  |a 000001  |b 000001  |d 2022-05-18  |o 330 Th462B  |r 2022-05-18  |w 2022-05-18  |y CR 
980 |a Thư viện Trường Đại học Nam Cần Thơ